000 00322nam a2200145Ia 4500
008 230718s9999 xx 000 0 und d
041 _aEng.
082 _a823
_bCEL-C
100 _aCellos, Rose
245 0 _aColond Pansker's
260 _aPakistan
_bA vingo book
_c2001
300 _a308
650 _aLaw
999 _c26372
_d26372